000 00565nam a2200217Ia 4500
003 OSt
005 20220926035338.0
006 a|||||r|||| 00| 0
007 ta
008 220923b |||||||| |||| 00| 0 eng d
037 _cGeneral Book
040 _aRTL
_cRTL
_beng
041 _2eng
_aeng
082 _aX:75.6.N5, J8
100 _aNiculescu Barbu
_9128578
245 0 _aColonial planning
_bA comparative study
260 _c1958
650 _aEconomics
942 _hX:75.6.N5, J8
_cGB
_2CC
999 _c661959
_d661959